| 000 | 00524nam a2200169Ia 4500 | ||
|---|---|---|---|
| 008 | 240729s9999 xx 000 0 und d | ||
| 022 | _a2548-3870 | ||
| 245 | 0 | _aConstitutional Review | |
| 260 | _aIndonesia | ||
| 260 | _bConstitutional Court of the Republic of Indoneisa | ||
| 650 | _a Asia and Eurasia, Africa, Pacific Area, and Antarctica | ||
| 650 | _a South Asia. Southeast Asia. East Asia | ||
| 650 | _aLaw | ||
| 856 | _uhttps://doaj.org/toc/2d619b85e9c54a1dbc7c630ecd1784ea | ||
| 942 | _2ddc | ||
| 942 | _cDOAJEJ | ||
| 999 |
_c72095 _d72095 |
||
| 945 |
_a1 _bMadushi Gamage _c1 _dMadushi Gamage |
||